The King is coming; (Record no. 4872)
[ view plain ]
| 000 -LEADER | |
|---|---|
| fixed length control field | 00792nam a2200241 4500 |
| 001 - CONTROL NUMBER | |
| control field | 3142925 |
| 003 - CONTROL NUMBER IDENTIFIER | |
| control field | GBCCL |
| 005 - DATE AND TIME OF LATEST TRANSACTION | |
| control field | 20241126110528.0 |
| 008 - FIXED-LENGTH DATA ELEMENTS--GENERAL INFORMATION | |
| fixed length control field | 730924s1973 ilu b 000 0 eng |
| 010 ## - | |
| -- | 73081006 |
| 020 ## - INTERNATIONAL STANDARD BOOK NUMBER | |
| International Standard Book Number | 0842320857 |
| -- | 0842320865 (pbk.) |
| 040 ## - CATALOGING SOURCE | |
| Original cataloging agency | DLC |
| Transcribing agency | DLC |
| Modifying agency | DLC |
| 050 00 - | |
| -- | BS680.E8 |
| -- | W54 |
| 082 00 - DEWEY DECIMAL CLASSIFICATION NUMBER | |
| Classification number | 236 |
| Item number | WIL |
| 100 1# - MAIN ENTRY--PERSONAL NAME | |
| Personal name | Willmington, H. L. |
| 9 (RLIN) | 8870 |
| 245 14 - TITLE STATEMENT | |
| Title | The King is coming; |
| Remainder of title | an outline study of the last days |
| Statement of responsibility, etc. | [by] H. L. Willmington. With a foreword by Jerry Falwell. |
| 260 ## - PUBLICATION, DISTRIBUTION, ETC. | |
| Place of publication, distribution, etc. | Wheaton, Ill., |
| Name of publisher, distributor, etc. | Tyndale House Publishers |
| Date of publication, distribution, etc. | [1973] |
| 300 ## - PHYSICAL DESCRIPTION | |
| Extent | 236 p. |
| Dimensions | 22 cm. |
| 504 ## - BIBLIOGRAPHY, ETC. NOTE | |
| Bibliography, etc. note | Includes bibliographical references. |
| 650 #0 - SUBJECT ADDED ENTRY--TOPICAL TERM | |
| Topical term or geographic name entry element | Eschatology |
| General subdivision | Biblical teaching. |
| 9 (RLIN) | 2327 |
| 906 ## - LOCAL DATA ELEMENT F, LDF (RLIN) | |
| a | 7 |
| b | cbc |
| c | orignew |
| d | 2 |
| e | opcn |
| f | 19 |
| g | y-gencatlg |
| 942 ## - ADDED ENTRY ELEMENTS (KOHA) | |
| Source of classification or shelving scheme | Dewey Decimal Classification |
| Koha item type | Books |
| Koha issues (borrowed), all copies | 16 |
| Withdrawn status | Lost status | Source of classification or shelving scheme | Damaged status | Not for loan | Home library | Current Library | Shelving location | Date acquired | Total checkouts | Total renewals | Full call number | Barcode | Date last seen | Date last checked out | Copy number | Price effective from | Koha item type |
|---|---|---|---|---|---|---|---|---|---|---|---|---|---|---|---|---|---|
| Dewey Decimal Classification | GRACE BIBLE COLLEGE | GRACE BIBLE COLLEGE | Theology | 2018-02-12 | 17 | 1 | 236 WIL | 006499 | 2026-01-19 | 2026-01-15 | c.1 | 2018-02-12 | Books |